Descubrir el placer de la lectura: lectura y motivación lectora

-д хадгалсан:
Номзүйн дэлгэрэнгүй
Үндсэн зохиолчид: Gasol Trullos, Anna (Зохиогч), Arànega, Mercè (Зохиогч)
Формат: Ном
Хэл сонгох:испани
Хэвлэсэн: Barcelona Eddebé 2000
Цуврал:Colección Innova, 8
Нөхцлүүд:
Шошгууд: Шошго нэмэх
Шошго байхгүй, Энэхүү баримтыг шошголох эхний хүн болох!

MARC

LEADER 00000nam a2200000 a 4500
001 UCI9748
003 CL-VaPUC
008 081204e20000000SP |||||||||||||||||spa|d
020 |a 842364958X 
082 0 4 |a 372.42  |b GAS  |2 21 
100 0 |a Gasol Trullos, Anna  |e author  |9 533671 
700 0 |a Arànega, Mercè  |e author  |9 533672 
245 1 0 |a Descubrir el placer de la lectura: lectura y motivación lectora 
300 |a 172 p 
942 |c BK 
945 |d 20081204 00:00:00  |a jtorresc 
260 |a Barcelona  |b Eddebé  |c 2000 
650 0 |a Lectura  |9 307634 
650 0 |a Educación básica   |9 224933 
650 7 |a EDUCACION INFANTIL  |2 CL-VaPUC  |9 533673 
650 0 |a Psicología educacional   |9 307830 
583 |a last modification  |c 20130101 10:22:01  |k Rodrigo Vera 
490 0 |a Colección Innova, 8 
999 |c 332227  |d 332225 
952 |0 0  |1 0  |4 0  |6 372_420000000000000_GAS_2000  |7 0  |8 A  |9 419741  |a BIBEDU  |b BIBEDU  |c ES_NOD  |d 2019-11-22  |i 4502248  |l 1  |o 372.42 GAS 2000  |p 4502248  |r 2024-04-15  |s 2024-04-08  |w 2019-11-22  |y BK  |k EPE